=LDR 00000nam 2200000 4500 =001 INLIS000000000052315 =005 20180202093125 =035 ##$$a 0010-0218000011 =007 ta =008 180202###########################0###### =020 ##$$a 978-602-425-008-9 =082 ##$$a 658 =084 ##$$a 658 SUH m =100 #$$a Suharnomo =245 1#$$a Manajemen Indonesia : $b Strategi Mengelola Karyawan Dalam Perspektif Budaya Nasional /$c Suharnomo =260 ##$$a Jakarta :$b Raja Grafindo Persada,$c 2016 =300 ##$$a xxix, 286 hlm. : $b ilus. ; $c 23 cm =500 ##$$a Biografi :hlm. 285-286 =650 ##$$a Manajemen =504 ##$$a Bibliografi : hlm. 281-284 =990 ##$$a 26692669 =990 ##$$a 26692669 =990 ##$$a 26692669 =990 ##$$a 26692669 =990 ##$$a 26692669 =990 ##$$a 21707066 =990 ##$$a 01201802669 =990 ##$$a 01201802670 =990 ##$$a 01201802671 =990 ##$$a 01201802672 =990 ##$$a 21707067 =990 ##$$a 01201802669 =990 ##$$a 01201802670 =990 ##$$a 01201802671 =990 ##$$a 21707066 =990 ##$$a 21707068 =990 ##$$a 01201802669 =990 ##$$a 01201802670 =990 ##$$a 21707067 =990 ##$$a 21707066 =990 ##$$a 21707069 =990 ##$$a 01201802669 =990 ##$$a 21707068 =990 ##$$a 21707067 =990 ##$$a 21707066 =990 ##$$a 21707070 =990 ##$$a 21707069 =990 ##$$a 21707068 =990 ##$$a 21707067 =990 ##$$a 21707066 =990 ##$$a 57375737 =990 ##$$a 21707070 =990 ##$$a 21707069 =990 ##$$a 21707068 =990 ##$$a 21707067 =990 ##$$a 21707066 =990 ##$$a 01201805737